| 000 | 01128nam a2200241Ia 4500 | ||
|---|---|---|---|
| 003 | OSt | ||
| 005 | 20210608155555.0 | ||
| 008 | 210310s1962 ck aod gr 000 0 spa d | ||
| 040 |
_aCO-JMCR _cCO-JMCR |
||
| 041 | 0 | _aspa | |
| 082 | 0 | 4 |
_a631.45 / _bS961i _223 |
| 100 | 1 |
_aSuárez de Castro, Fernando, _915985 _eautor |
|
| 245 | 1 | 0 |
_aInvestigaciones sobre la erosión y la conservación de los suelos en Colombia / _cpor Fernando Suárez de Castro, Álvaro Rodríguez Grandas |
| 260 |
_aBogotá : _bFederación Nacional de Cafeteros de Colombia, _c1962 |
||
| 300 |
_a473 páginas : _bilustraciones, fotografías y gráficas a blanco y negro ; _c24 cm. |
||
| 504 | _aBibliografía al final de cada capítulo. | ||
| 505 | 0 | _aInvestigaciones sobre las lluvias -- Investigaciones sobre los suelos -- Investigaciones sobre vegetación -- Investigaciones sobre algunas prácticas culturales | |
| 650 | 1 | 4 |
_aConservación de suelos _915987 _zColombia |
| 650 | 2 | 4 |
_aFertilidad del suelo _zColombia _938211 |
| 650 | 2 | 4 |
_aErosión de suelos _zColombia _938212 |
| 700 | 1 |
_aRodríguez Grandas, Álvaro, _eautor _938213 |
|
| 942 |
_2ddc _cBK |
||
| 999 |
_c7979 _d7979 |
||